000 00274nam a2200121Ia 4500
008 220216s9999 xx 000 0 und d
100 _aThomas V
245 0 _aBaisan valiyil faciyesahn
260 _bRubber
_c2007
300 _a39
700 _aThomas Rajeev M
942 _cJS
999 _c54643
_d54643